Catálogo
 En Linea

Memorias : geográficas, históricas, económicas y estadísticas de la Isla de Puerto Rico / (Registro nro. 5543)

Detalles MARC
000 -CABECERA
campo de control de longitud fija 00804cam a2200217 a 4500
001 - NÚMERO DE CONTROL
campo de control 000005747
003 - IDENTIFICADOR DEL NÚMERO DE CONTROL
campo de control DO-SdBNP
005 - FECHA Y HORA DE LA ÚLTIMA TRANSACCIÓN
campo de control 20210422151749.0
008 - DATOS DE LONGITUD FIJA--INFORMACIÓN GENERAL
campo de control de longitud fija 780118k19681832pr a 001 0aspa
040 ## - FUENTE DE LA CATALOGACIÓN
Centro catalogador/agencia de origen DO-SdBNP
Lengua de catalogación spa
Centro/agencia transcriptor BNPHU
082 ## - NÚMERO DE LA CLASIFICACIÓN DECIMAL DEWEY
Número de clasificación 972.95
Número de documento/Ítem C796m, 1968
100 1# - ENTRADA PRINCIPAL--NOMBRE DE PERSONA
Nombre de persona Córdova, Pedro Tomás de.
9 (RLIN) 16264
245 10 - MENCIÓN DE TÍTULO
Título Memorias : geográficas, históricas, económicas y estadísticas de la Isla de Puerto Rico /
Mención de responsabilidad, etc. Pedro Tomás de Córdova.
250 ## - MENCIÓN DE EDICIÓN
Mención de edición 2a ed. facsimilar.
260 ## - PUBLICACIÓN, DISTRIBUCIÓN, ETC.
Lugar de publicación, distribución, etc. San Juan, Puerto Rico :
Nombre del editor, distribuidor, etc. Instituto de Cultura Puertorriqueña,
Fecha de publicación, distribución, etc. 1968.
300 ## - DESCRIPCIÓN FÍSICA
Extensión 6 v. :
Otras características físicas il. ;
Dimensiones 23 cm.
590 ## - NOTA LOCAL (RLIN)
Nota local La biblioteca posee los volúmenes del 1 al 5.
651 #4 - PUNTO DE ACCESO ADICIONAL DE MATERIA--NOMBRE GEOGRÁFICO
Nombre geográfico Puerto Rico
Subdivisión general Historia
Subdivisión cronológica Hasta 1898.
9 (RLIN) 16265
651 #4 - PUNTO DE ACCESO ADICIONAL DE MATERIA--NOMBRE GEOGRÁFICO
Nombre geográfico Puerto Rico
Subdivisión general Descripción y viajes
9 (RLIN) 16266
942 ## - ELEMENTOS DE PUNTO DE ACCESO ADICIONAL (KOHA)
Fuente del sistema de clasificación o colocación Dewey Decimal Classification
Tipo de ítem Koha Libro
Existencias
Estado de retiro Estado de pérdida Restricciones de uso No para préstamo Código de colección Localización permanente Ubicación/localización actual Ubicación en estantería Fecha de adquisición Número de inventario Total de préstamos Signatura topográfica completa Código de barras Fecha visto por última vez Precio válido a partir de Tipo de ítem Koha
      Excluido de préstamo Monografías: Libros y Folletos General General Depósito 21.08.2009 LF1   972.95 C796m, 1968 | v. 1 5747-10 25.06.2020 25.06.2020 No se presta
      Excluido de préstamo Monografías: Libros y Folletos General General Depósito 07.09.2009 LF1   972.95 C796m, 1968 | v. 2 5747-20 25.06.2020 25.06.2020 No se presta
      Excluido de préstamo Monografías: Libros y Folletos General General Depósito 07.09.2009 LF1   972.95 C796m, 1968 | v. 3 5747-30 25.06.2020 25.06.2020 No se presta
      Excluido de préstamo Monografías: Libros y Folletos General General Depósito 07.09.2009 LF1   972.95 C796m, 1968 | v. 4 5747-40 25.06.2020 25.06.2020 No se presta
      Excluido de préstamo Monografías: Libros y Folletos General General Depósito 07.09.2009 LF1   972.95 C796m, 1968 | v. 5 5747-50 25.06.2020 25.06.2020 No se presta

Con tecnología Koha